LIBRARY & INFORMATION CENTRE, KCAET, TAVANUR

ONLINE PUBLIC ACCESS CATALOGUE (OPAC)

Solved problems in thermal engineering (Record no. 13909)

MARC details
000 -LEADER
fixed length control field 00269nam a22001097a 4500
082 ## - DEWEY DECIMAL CLASSIFICATION NUMBER
Classification number 621.402
Item number DOM/SO
100 ## - MAIN ENTRY--AUTHOR NAME
Personal name Domkundwar, V.M
245 ## - TITLE STATEMENT
Title Solved problems in thermal engineering
260 ## - PUBLICATION, DISTRIBUTION, ETC. (IMPRINT)
Place of publication New Delhi
Name of publisher Dhanpat Rai & Co
700 ## - ADDED ENTRY--PERSONAL NAME
Personal name Domkundwar, A.V
942 ## - ADDED ENTRY ELEMENTS (KOHA)
Koha item type Books
Holdings
Withdrawn status Lost status Damaged status Collection code Home library Current library Shelving location Date acquired Source of acquisition Cost, normal purchase price Full call number Accession Number Koha item type
      Non-fiction KAUAET KAUAET General Stacks 30/03/2013 Calicut Book Distributors 200.00 621.402 DOM/SO 23661 Books
free website counter